Where did I act? #1 - Statistics

General Stats
  • This quiz has been taken 17 times
  • The average score is 41 of 60
Answer Stats
Question Tile Select % Correct
Sean Connery Dr. No Yes
93%
Sean Connery Fast Times at Ridgemont High No
93%
Sean Connery George of the Jungle No
93%
Sean Connery Jumanji: The Next Level No
93%
Kate Winslet Little Miss Sunshine No
93%
Sean Connery Pirates of the Caribbean: The Curse of the Black Pearl No
93%
Sean Connery School of Rock No
93%
Judi Dench An American Werewolf in London No
87%
Sean Bean Days of Thunder No
87%
Rowan Atkinson Dead Poets Society No
87%
Sean Connery GoldenEye No
87%
Sean Bean Indiana Jones and the Temple of Doom No
87%
Kate Beckinsale Kamikaze'89 No
87%
Judi Dench Star Wars No
87%
Rowan Atkinson Swingers No
87%
Sean Bean The Color Purple No
87%
Rowan Atkinson The Good German No
87%
Sean Connery The Jungle Book No
87%
Kate Beckinsale Titanic No
87%
Sean Bean White Chicks No
87%
Judi Dench Wonderwall No
87%
Rowan Atkinson Death Proof No
80%
Sean Bean Flashdance No
80%
Rowan Atkinson French Kiss No
80%
Sean Connery From Russia with Love Yes
80%
Rowan Atkinson Johnny English Yes
80%
Rowan Atkinson Kiss Kiss Bang Bang No
80%
Sean Connery Moonraker No
80%
Judi Dench Skyfall Yes
80%
Kate Beckinsale The Hunt for Red October No
80%
Kate Winslet The Italian Job No
80%
Sean Connery The League of Extraordinary Gentlemen Yes
80%
Judi Dench Underworld No
80%
Sean Bean Billy Elliot No
73%
Kate Winslet Eternal Sunshine of the Spotless Mind Yes
73%
Sean Bean GoldenEye Yes
73%
Judi Dench Quantum of Solace Yes
73%
Kate Beckinsale Sin City No
73%
Sean Connery The Rock Yes
73%
Sean Connery Highlander Yes
67%
Judi Dench Shakespeare in Love Yes
67%
Sean Bean The Grey No
67%
Sean Bean LOTR: The Fellowship of the Ring Yes
60%
Kate Beckinsale Pearl Harbor Yes
60%
Kate Beckinsale Underworld: Evolution Yes
60%
Rowan Atkinson Death at a Funeral No
53%
Rowan Atkinson Four Weddings and a Funeral Yes
53%
Sean Bean Percy Jackson & the Lightning Thief Yes
53%
Sean Connery Robin and Marian Yes
53%
Kate Beckinsale Van Helsing Yes
53%
Sean Bean Ronin Yes
40%
Sean Bean Troy Yes
40%
Sean Connery Zardoz Yes
40%
Rowan Atkinson The Lion King Yes
27%
Judi Dench Hamlet Yes
20%
Rowan Atkinson Hot Shots! Part Deux Yes
20%
Kate Winslet Steve Jobs Yes
20%
Sean Connery Tarzan's Greatest Adventure Yes
13%
Rowan Atkinson Huan Le Xi Ju Ren Yes
7%
Kate Beckinsale The Only Living Boy in New York Yes
7%
No matching quizzes found
Score Distribution
Percent of People with Each Score
Percentile by Number Answered
Your Score History
You have not taken this quiz